000 01038nam a2200277Ia 4500
003 OSt
005 20221005103111.0
006 a|||||r|||| 00| 0
007 ta
008 221004b |||||||| |||| 00| 0 san d
020 _a9788180972522 (hbkuk)
_cINR 400.00
024 _a34685
037 _b133, 14/09/2017, Eastern Book Linkers
_cTextual
040 _aCRL
_cCRL
_bsan
041 _2san
_asan
082 _aO15:gx1,1, 152Q6
100 _aनायर, इच्छा, ले.
245 0 _aनाट्यशास्त्रः ताल तथा तालवाद्य
246 _aNāṭyashāstrah tāl tathā tālavādya
260 _aइलाहाबाद
_bसाहित्य संगम भारत
_c2016
300 _a158पृ0
_ccm.
650 _a नाट्यशास्त्र
650 _aभरतमुनि
942 _hO15:gx1,1, 152Q6
_cTEXL
_2cc
999 _c1009443
_d1009443